Marketing research (Record no. 82674)
[ view plain ]
| 000 -LEADER | |
|---|---|
| fixed length control field | 00816nam a2200169 a 4500 |
| 008 - FIXED-LENGTH DATA ELEMENTS--GENERAL INFORMATION | |
| fixed length control field | 120416s1982 ||||||||||||||||| || u |
| 020 ## - INTERNATIONAL STANDARD BOOK NUMBER | |
| International Standard Book Number | 0135576520 |
| 050 ## - LIBRARY OF CONGRESS CALL NUMBER | |
| Classification number | HF 5415.2 Mar |
| 245 10 - TITLE STATEMENT | |
| Title | Marketing research |
| 246 ## - | |
| -- | David J. Luck |
| 250 ## - EDITION STATEMENT | |
| Edition statement | 6th ed. |
| 260 ## - PUBLICATION, DISTRIBUTION, ETC. | |
| Place of publication, distribution, etc. | Englewood Cliffs, N. J. |
| Name of publisher, distributor, etc. | FT Prentice-Hall |
| Date of publication, distribution, etc. | 1982 |
| 350 ## - | |
| -- | 0.00 |
| 995 ## - | |
| -- | MAIN LIBRARY OPEN ACCESS |
| -- | 0.00 |
| -- | 709292 |
| -- | CBU-MAIN LIBRARY (Kitwe) |
| -- | 2 |
| -- | 34.20 |
| -- | HF 5415.2 Mar |
| -- | 1 |
| -- | AVAILABLE |
| -- | 005689 |
| -- | Main Library Open Access Collection |
| 995 ## - | |
| -- | TEXTBOOKS (SB) |
| -- | 0.00 |
| -- | 1811 |
| -- | CBU-SCHOOL TEXTBOOK COLLECTIONS |
| -- | 1 |
| -- | 0.00 |
| -- | SCHOOL TEXTBOOK |
| -- | 3 |
| -- | AVAILABLE |
| -- | Sep 24, 2009 |
| -- | 1811 |
| -- | School Collections |
| 995 ## - | |
| -- | BINDERY (DAMAGED) |
| -- | 0.00 |
| -- | 709293 |
| -- | CBU-MAIN LIBRARY (Kitwe) |
| -- | 1 |
| -- | 34.20 |
| -- | HF 5415.2 Mar |
| -- | 2 |
| -- | DAMAGED |
| -- | 005690 |
| -- | Main Library Open Access Collection |
| 999 ## - | |
| -- | 82674 |
| -- | 82674 |
| Withdrawn status | Lost status | Source of classification or shelving scheme | Damaged status | Not for loan | Permanent Location | Current Location | Shelving location | Date acquired | Total Checkouts | Full call number | Barcode | Date last seen | Copy number | Price effective from | Koha item type |
|---|---|---|---|---|---|---|---|---|---|---|---|---|---|---|---|
| CBU-MAIN LIBRARY, KITWE. | CBU-MAIN LIBRARY, KITWE. | 09/29/2023 | HF 5415.2 Mar | 005689 | 09/29/2023 | 1 | 09/29/2023 | MONOGRAPH | |||||||
| CBU-MAIN LIBRARY, KITWE. | CBU-MAIN LIBRARY, KITWE. | 09/29/2023 | HF 5415.2 Mar | 005690 | 09/29/2023 | 3 | 09/29/2023 | MONOGRAPH | |||||||
| CBU-SCHOOL TEXT BOOK COLLECTION | CBU-SCHOOL TEXT BOOK COLLECTION | 09/29/2023 | SCHOOL TEXTBOOK | 1811 | 09/29/2023 | 2 | 09/29/2023 | MONOGRAPH |